000
00480nam a2200169Ia 4500
008
100204s9999 xx 000 0 und d
082
_b
27468
100
_a
लाला रुसी
245
_a
जल्लोष पेशीचा
250
_a
0
260
_c
2001
300
_a
127
630
_a
जल्लोष पेशीचा
700
_a
डहाणूकर शरदिनी
730
_a
जल्लोष पेशीचा
942
_c
BOOK
999
_c
472647
_d
472644